[Event "Ghent op 43rd"]
[Site "Ghent"]
[Date "2022.07.21"]
[Round "3"]
[White "Verheyen, Olivier"]
[Black "Van den Doel, Erik"]
[Result "0-1"]
[WhiteElo "2114"]
[BlackElo "2589"]
[PlyCount "94"]
[EventDate "2022.07.20"]
[EventType "swiss"]
[EventRounds "9"]
[EventCountry "BEL"]
[SourceTitle "CBM 209 Extra"]
[Source "ChessBase"]
[SourceDate "2022.09.30"]
[SourceVersion "1"]
[SourceVersionDate "2022.09.30"]
[SourceQuality "1"]

1. e4 e6 2. d4 d5 3. Nd2 Be7 4. Ngf3 Nf6 5. e5 Nfd7 6. Bd3 c5 7. c3 Nc6 8. 0-0 a5 9. a4 Qc7 10. Bb5 Na7 11. Bd3 c4 12. Bc2 b5 13. axb5 Nxb5 14. Nb1 h6 15. Ne1 g6 16. f4 Nb6 17. g4 Bd7 18. f5 exf5 19. gxf5 Bxf5 20. Bxf5 gxf5 21. Qh5 Qc6 22. Qxf5 Qg6+ 23. Qxg6 fxg6 24. Ng2 a4 25. Bd2 Rb8 26. Rf3 Kd7 27. Nf4 Rhg8 28. Rg3 g5 29. Nh5 Rbf8 30. Kg2 Ke6 31. Na3 Nxa3 32. bxa3 Nd7 33. Rb1 Rb8 34. Rxb8 Rxb8 35. Rf3 Nf8 36. Bc1 Rb1 37. Rf1 Rb3 38. Ng7+ Kd7 39. Nf5 Rxc3 40. Nxh6 Ne6 41. Ng8 Bxa3 42. Bxa3 Nf4+ 43. Rxf4 gxf4 44. Nf6+ Ke6 45. Bc5 a3 46. Bxa3 Rxa3 47. Nh5 Kf5 0-1

[Event "Charleroi op"]
[Site "Roux"]
[Date "2019.08.02"]
[Round "8"]
[White "Verheyen, Olivier"]
[Black "Klinova, Masha"]
[Result "0-1"]
[WhiteElo "2200"]
[BlackElo "2269"]
[PlyCount "82"]
[EventDate "2019.07.27"]
[EventType "swiss"]
[EventRounds "9"]
[EventCountry "BEL"]
[SourceTitle "CBM 191 Extra"]
[Source "ChessBase"]
[SourceDate "2019.09.30"]
[SourceVersion "1"]
[SourceVersionDate "2019.09.30"]
[SourceQuality "1"]

1. e4 d6 2. d4 Nf6 3. Nc3 e5 4. Nge2 Nc6 5. h3 Be7 6. g4 d5 7. exd5 Nxd5 8. dxe5 Nxc3 9. Qxd8+ Bxd8 10. Nxc3 Nxe5 11. Bg2 0-0 12. 0-0 c6 13. Ne4 f5 14. Nd6 fxg4 15. Nxc8 Rxc8 16. hxg4 Bb6 17. Be3 Bxe3 18. fxe3 Nxg4 19. Bh3 h5 20. Bxg4 hxg4 21. Kg2 Rcd8 22. Rad1 Rfe8 23. Kg3 Rxe3+ 24. Kxg4 Rxd1 25. Rxd1 Kf7 26. b3 Ke6 27. Rd2 Rc3 28. a4 c5 29. Kf4 c4 30. b4 Ra3 31. a5 Rh3 32. Rg2 Kf6 33. Ke4 g5 34. Kd5 c3 35. b5 Rf3 36. a6 Rf5+ 37. Kc4 b6 38. Rh2 Rc5+ 39. Kd4 g4 40. Rh7 g3 41. Ke3 Rg5 0-1

[Event "Charleroi op"]
[Site "Roux"]
[Date "2019.08.01"]
[Round "7"]
[White "Anciaux, Marc"]
[Black "Verheyen, Olivier"]
[Result "1/2-1/2"]
[WhiteElo "2120"]
[BlackElo "2200"]
[PlyCount "129"]
[EventDate "2019.07.27"]
[EventType "swiss"]
[EventRounds "9"]
[EventCountry "BEL"]
[SourceTitle "CBM 191 Extra"]
[Source "ChessBase"]
[SourceDate "2019.09.30"]
[SourceVersion "1"]
[SourceVersionDate "2019.09.30"]
[SourceQuality "1"]

1. e4 c5 2. Nf3 d6 3. d4 cxd4 4. Nxd4 Nf6 5. Nc3 a6 6. Be2 e5 7. Nb3 Be7 8. 0-0 0-0 9. Be3 Be6 10. Qd2 Nbd7 11. Rfd1 Rc8 12. f3 Qc7 13. Rac1 Nb6 14. Qe1 d5 15. exd5 Nbxd5 16. Nxd5 Nxd5 17. Bd2 Qb6+ 18. Qf2 Qxf2+ 19. Kxf2 Nb4 20. Bxb4 Bxb4 21. c3 Be7 22. Bd3 f5 23. Kg1 Kf7 24. Re1 Rfd8 25. Rcd1 Kf6 26. Bc2 b6 27. Rxd8 Rxd8 28. Rd1 Rc8 29. Nc1 b5 30. Bb3 b4 31. Bxe6 Kxe6 32. Ne2 bxc3 33. Nxc3 Bc5+ 34. Kf1 Bd4 35. Ke2 g5 36. Rb1 h5 37. Kd3 g4 38. Ne2 Ba7 39. b4 Rd8+ 40. Kc3 Be3 41. a4 Rd2 42. Rb2 Rxb2 43. Kxb2 h4 44. h3 gxh3 45. gxh3 Kd5 46. b5 axb5 47. axb5 Kc4 48. Kc2 Kxb5 49. Kd3 Bf2 50. Nc3+ Kc5 51. Na4+ Kd6 52. Nc3 Bd4 53. Nb5+ Kc5 54. Na3 Kd5 55. Nc2 Bc5 56. Ne1 Be7 57. Nc2 e4+ 58. Ke2 Bc5 59. Ne1 Be7 60. fxe4+ fxe4 61. Nf3 Bf6 62. Nd2 Bd4 63. Nf3 Bf6 64. Nd2 Bd4 65. Nf3 1/2-1/2

[Event "Charleroi op"]
[Site "Roux"]
[Date "2019.07.29"]
[Round "4"]
[White "Verheyen, Olivier"]
[Black "Gijsen, Stief"]
[Result "1/2-1/2"]
[WhiteElo "2200"]
[BlackElo "2227"]
[PlyCount "66"]
[EventDate "2019.07.27"]
[EventType "swiss"]
[EventRounds "9"]
[EventCountry "BEL"]
[SourceTitle "CBM 191 Extra"]
[Source "ChessBase"]
[SourceDate "2019.09.30"]
[SourceVersion "1"]
[SourceVersionDate "2019.09.30"]
[SourceQuality "1"]

1. e4 e5 2. Nf3 Nc6 3. d4 exd4 4. Nxd4 Nf6 5. Nxc6 bxc6 6. e5 Qe7 7. Qe2 Nd5 8. c4 Nb6 9. Nc3 Ba6 10. b3 0-0-0 11. Bb2 Re8 12. 0-0-0 Qg5+ 13. Kb1 f6 14. Qc2 fxe5 15. c5 Bxf1 16. cxb6 axb6 17. Rhxf1 Qxg2 18. Rg1 Qxh2 19. Qf5 Re6 20. Ne4 Qf4 21. Qxf4 exf4 22. f3 Rg6 23. Rxg6 hxg6 24. Rg1 d5 25. Ng5 Bc5 26. Rg2 Rh1+ 27. Kc2 Be3 28. Ne6 Rf1 29. Rxg6 Rxf3 30. Rxg7 Rf2+ 31. Kb1 Rf1+ 32. Kc2 Rf2+ 33. Kb1 Rf1+ 1/2-1/2

[Event "Charleroi op"]
[Site "Roux"]
[Date "2019.07.27"]
[Round "1"]
[White "De Weird, Matthias"]
[Black "Verheyen, Olivier"]
[Result "1-0"]
[WhiteElo "2009"]
[BlackElo "2200"]
[PlyCount "105"]
[EventDate "2019.07.27"]
[EventType "swiss"]
[EventRounds "9"]
[EventCountry "BEL"]
[SourceTitle "CBM 191 Extra"]
[Source "ChessBase"]
[SourceDate "2019.09.30"]
[SourceVersion "1"]
[SourceVersionDate "2019.09.30"]
[SourceQuality "1"]

1. e4 c5 2. Bc4 e6 3. Qe2 a6 4. d3 b5 5. Bb3 Nc6 6. c3 d6 7. Nf3 Nf6 8. Nbd2 Be7 9. Nf1 d5 10. Ng3 0-0 11. 0-0 Qc7 12. Rd1 a5 13. Bg5 a4 14. Bc2 a3 15. b3 h6 16. Bd2 Re8 17. Rac1 Bf8 18. e5 Nd7 19. d4 Ba6 20. Qe3 Qb7 21. Qf4 b4 22. Qg4 Kh8 23. Ng5 Ndxe5 24. dxe5 Nxe5 25. Qh5 g6 26. Qh4 Kg8 27. Nh3 f5 28. cxb4 g5 29. Qh5 f4 30. Nxf4 gxf4 31. Bxf4 Nc6 32. bxc5 Qg7 33. Qh4 Nd4 34. Bd3 e5 35. Be3 Be7 36. Qh5 Bg5 37. Bxa6 Rf8 38. Bxg5 hxg5 39. Bd3 Rf6 40. Re1 e4 41. Nxe4 dxe4 42. Bc4+ Kf8 43. Rxe4 Rh6 44. Qd1 Rd8 45. h3 Qf6 46. Qf1 Rh4 47. Rxh4 gxh4 48. Rd1 Qg5 49. Qd3 Qxc5 50. Qe4 Qd6 51. Re1 Qf6 52. Qg4 Re8 53. Qg8# 1-0

[Event "Wachtebeke-B"]
[Site "Wachtebeke"]
[Date "2019.03.07"]
[Round "9"]
[White "Verheyen, Olivier"]
[Black "Hamblok, Roel"]
[Result "1/2-1/2"]
[WhiteElo "2084"]
[BlackElo "2270"]
[PlyCount "85"]
[EventDate "2019.03.02"]
[EventType "tourn"]
[EventRounds "9"]
[EventCountry "BEL"]
[SourceTitle "CBM 189 Extra"]
[Source "ChessBase"]
[SourceDate "2019.06.03"]
[SourceVersion "1"]
[SourceVersionDate "2019.06.03"]
[SourceQuality "1"]

1. e4 e6 2. d4 d5 3. Nd2 a6 4. Ngf3 c5 5. exd5 exd5 6. dxc5 Bxc5 7. Bd3 Nf6 8. Nb3 Bb6 9. Qe2+ Qe7 10. Qxe7+ Kxe7 11. 0-0 Nc6 12. c3 Re8 13. Bg5 h6 14. Bh4 g5 15. Bg3 Ne4 16. Bxe4 dxe4 17. Ne5 Nxe5 18. Bxe5 f5 19. Rad1 Kf7 20. Bd6 f4 21. Bc5 Bc7 22. Rfe1 Bf5 23. Bd6 Bb6 24. Bc5 Bc7 25. Bd6 Bb6 26. Bc5 Bc7 27. Bd6 Bb6 28. Bc5 Bc7 29. Bd6 Bb6 30. Bc5 Bc7 31. Bd6 Bb6 32. Bc5 Bc7 33. Bd6 Bb6 34. Bc5 Bc7 35. Bd6 Bb6 36. Bc5 Bc7 37. Bd6 Bb6 38. Bc5 Bc7 39. Bd6 Bb6 40. Bc5 Bc7 41. Bd6 Bb6 42. Bc5 Bc7 43. Bd6 1/2-1/2

[Event "Wachtebeke-B"]
[Site "Wachtebeke"]
[Date "2019.03.02"]
[Round "2"]
[White "Verheyen, Olivier"]
[Black "De Waele, Warre"]
[Result "1-0"]
[WhiteElo "2084"]
[BlackElo "2211"]
[PlyCount "69"]
[EventDate "2019.03.02"]
[EventType "tourn"]
[EventRounds "9"]
[EventCountry "BEL"]
[SourceTitle "CBM 189 Extra"]
[Source "ChessBase"]
[SourceDate "2019.06.03"]
[SourceVersion "1"]
[SourceVersionDate "2019.06.03"]
[SourceQuality "1"]

1. e4 c5 2. Nf3 d6 3. d4 Nf6 4. Nc3 cxd4 5. Nxd4 a6 6. f3 e5 7. Nb3 Be6 8. Be3 h5 9. Nd5 Bxd5 10. exd5 Nbd7 11. c4 g6 12. Bd3 b6 13. Nd2 Bh6 14. Bxh6 Rxh6 15. b4 Kf8 16. 0-0 Kg7 17. Nb3 Qc7 18. Rf2 a5 19. a3 Qa7 20. Kh1 h4 21. Rc2 Nh5 22. h3 Ng3+ 23. Kh2 Qb8 24. Kg1 Nf6 25. Nd2 Rh8 26. Ne4 Nfxe4 27. fxe4 Qd8 28. c5 axb4 29. axb4 Rxa1 30. Qxa1 bxc5 31. bxc5 Qg5 32. Qc1 Qxc1+ 33. Rxc1 Rc8 34. c6 f5 35. c7 1-0

[Event "Wachtebeke-B"]
[Site "Wachtebeke"]
[Date "2019.03.02"]
[Round "1"]
[White "Wiley, Tom E"]
[Black "Verheyen, Olivier"]
[Result "1/2-1/2"]
[WhiteElo "2170"]
[BlackElo "2084"]
[PlyCount "119"]
[EventDate "2019.03.02"]
[EventType "tourn"]
[EventRounds "9"]
[EventCountry "BEL"]
[SourceTitle "CBM 189 Extra"]
[Source "ChessBase"]
[SourceDate "2019.06.03"]
[SourceVersion "1"]
[SourceVersionDate "2019.06.03"]
[SourceQuality "1"]

1. d4 Nf6 2. c4 g6 3. Nc3 Bg7 4. e4 d6 5. Nf3 0-0 6. Be2 e5 7. d5 a5 8. Bg5 h6 9. Bh4 g5 10. Bg3 Nh5 11. Nd2 Nxg3 12. hxg3 f5 13. exf5 Bxf5 14. Nde4 Na6 15. Bg4 Qd7 16. Bxf5 Qxf5 17. g4 Qf4 18. Qe2 b6 19. f3 Nc5 20. Kd1 Rae8 21. Kc2 Qf7 22. Nxc5 bxc5 23. Ne4 Rb8 24. Rab1 Qd7 25. a3 Qa4+ 26. Kc1 Rb7 27. Qc2 Qd7 28. a4 Qf7 29. Qd3 Rfb8 30. b3 Qf4+ 31. Kc2 Rb4 32. Rh3 Re8 33. Re1 Reb8 34. Nd2 Qf6 35. Qe4 Rf8 36. Re3 Kf7 37. Qf5 Ke7 38. Qxf6+ Kxf6 39. Ne4+ Kg6 40. Ng3 Rf7 41. Re1 Rb8 42. Reh1 Rh8 43. Nf5 Bf8 44. Kd3 Rhh7 45. Ke4 Rd7 46. Re1 Rdf7 47. g3 Rd7 48. Re3 h5 49. gxh5+ Rxh5 50. Rxh5 Kxh5 51. Re1 Kg6 52. Rh1 Rf7 53. Ne3 Bg7 54. Nd1 Rf8 55. Nc3 Bf6 56. Nb5 Rb8 57. f4 exf4 58. gxf4 Re8+ 59. Kf3 gxf4 60. Nxc7 1/2-1/2

[Event "Charleroi op"]
[Site "Charleroi"]
[Date "2018.08.04"]
[Round "9"]
[White "Verheyen, Olivier"]
[Black "Van Cappellen, Jonas"]
[Result "0-1"]
[WhiteElo "2012"]
[BlackElo "2202"]
[PlyCount "82"]
[EventDate "2018.07.28"]
[EventType "swiss"]
[EventRounds "9"]
[EventCountry "BEL"]
[SourceTitle "CBM 185 Extra"]
[Source "ChessBase"]
[SourceDate "2018.07.29"]
[SourceVersion "1"]
[SourceVersionDate "2018.07.29"]
[SourceQuality "1"]

1. e4 c5 2. Nf3 e6 3. d4 cxd4 4. Nxd4 a6 5. c4 Nf6 6. Nc3 Qc7 7. a3 b6 8. Be2 Bb7 9. Qd3 d6 10. f4 Nbd7 11. b4 Be7 12. 0-0 Rc8 13. Be3 Qb8 14. Rac1 Qa8 15. Bf3 g6 16. Kh1 0-0 17. Bg1 e5 18. Nde2 exf4 19. Nd5 Nxd5 20. exd5 b5 21. Bd4 bxc4 22. Rxc4 Bxd5 23. Rxc8 Re8 24. Rd8 Rxd8 25. Be4 Rc8 26. Bxd5 Qxd5 27. Nxf4 Qc4 28. Kg1 Ne5 29. Qxc4 Rxc4 30. Rd1 f5 31. Nd5 Kf7 32. h3 Bg5 33. Bf2 Ke6 34. Kf1 Rc2 35. a4 Bd2 36. Nc7+ Rxc7 37. Rxd2 Rc1+ 38. Ke2 Rb1 39. Be1 Rxb4 40. Rxd6+ Kxd6 41. Bxb4+ Kd5 0-1

[Event "Charleroi op"]
[Site "Charleroi"]
[Date "2018.07.30"]
[Round "4"]
[White "Mulder, Bart Piet"]
[Black "Verheyen, Olivier"]
[Result "1-0"]
[WhiteElo "2176"]
[BlackElo "2012"]
[PlyCount "95"]
[EventDate "2018.07.28"]
[EventType "swiss"]
[EventRounds "9"]
[EventCountry "BEL"]
[SourceTitle "CBM 185 Extra"]
[Source "ChessBase"]
[SourceDate "2018.07.29"]
[SourceVersion "1"]
[SourceVersionDate "2018.07.29"]
[SourceQuality "1"]

1. Nf3 Nf6 2. g3 g6 3. Bg2 Bg7 4. c4 d6 5. d4 0-0 6. Nc3 Nc6 7. d5 Ne5 8. Nxe5 dxe5 9. 0-0 Rb8 10. b3 e6 11. Ba3 Re8 12. d6 c6 13. c5 Qa5 14. Qc1 Nd5 15. Bb2 Bd7 16. e4 Nb4 17. a3 Nd3 18. Qc2 Nxb2 19. b4 Qd8 20. Qxb2 b6 21. cxb6 Qxb6 22. Na4 Qd4 23. Rfd1 Qxb2 24. Nxb2 c5 25. Nd3 cxb4 26. axb4 Bb5 27. Nc5 a6 28. Bf1 Bxf1 29. Kxf1 Rxb4 30. Rxa6 Rd8 31. Ra7 Rb5 32. Nd7 Bf8 33. Nxf8 Kxf8 34. Rc1 Rxd6 35. Rcc7 Rd4 36. Rxf7+ Kg8 37. Rg7+ Kf8 38. Rxh7 Kg8 39. Rhe7 Rb8 40. Rxe6 Rxe4 41. Rxg6+ Kh8 42. h4 Rc4 43. Re6 e4 44. h5 Rf8 45. Ree7 Rb8 46. Rh7+ Kg8 47. Rag7+ Kf8 48. h6 1-0

[Event "Ghent Eastman op 41st"]
[Site "Ghent"]
[Date "2018.07.17"]
[Round "8"]
[White "Dauw, Sterre"]
[Black "Verheyen, Olivier"]
[Result "1-0"]
[WhiteElo "2192"]
[BlackElo "2012"]
[PlyCount "89"]
[EventDate "2018.07.14"]
[EventType "swiss"]
[EventRounds "9"]
[EventCountry "BEL"]
[SourceTitle "CBM 185 Extra"]
[Source "ChessBase"]
[SourceDate "2018.07.29"]
[SourceVersion "1"]
[SourceVersionDate "2018.07.29"]
[SourceQuality "1"]

1. e4 c5 2. Nf3 d6 3. d4 cxd4 4. Nxd4 Nf6 5. Nc3 a6 6. Be2 e5 7. Nb3 Be7 8. Be3 Be6 9. 0-0 0-0 10. Qd2 Nbd7 11. a4 Nb6 12. Bxb6 Qxb6 13. Nd5 Nxd5 14. exd5 Bf5 15. a5 Qc7 16. c4 Rac8 17. Nc1 h6 18. b4 Bg5 19. Qa2 e4 20. Nb3 Qd7 21. Rad1 Bg4 22. c5 Bxe2 23. Qxe2 Rfe8 24. c6 bxc6 25. Qxa6 e3 26. fxe3 Qg4 27. dxc6 Qxb4 28. Qb7 Qc4 29. a6 Rb8 30. Na5 Rxb7 31. Nxc4 Rc7 32. Rxd6 Be7 33. Rd7 Rxc6 34. a7 Bf6 35. Nd6 Ra8 36. Rb1 Rxa7 37. Rb8+ Kh7 38. Rxa7 Rxd6 39. Rxf7 Kg6 40. Rbb7 Rd1+ 41. Kf2 Be5 42. Rb6+ Kh7 43. Rbb7 Bxh2 44. Kf3 Rf1+ 45. Ke4 1-0

[Event "BEL-ch op"]
[Site "Niel"]
[Date "2017.07.01"]
[Round "1"]
[White "Verheyen, Olivier"]
[Black "Pirard, Natan"]
[Result "0-1"]
[WhiteElo "1815"]
[BlackElo "1997"]
[PlyCount "54"]
[EventDate "2017.07.01"]
[EventType "swiss"]
[EventRounds "9"]
[EventCountry "BEL"]
[SourceTitle "EXT 2018"]
[Source "ChessBase"]
[SourceDate "2017.10.13"]
[SourceVersion "1"]
[SourceVersionDate "2017.10.13"]
[SourceQuality "1"]

1. e4 c5 2. Nf3 d6 3. d4 cxd4 4. Nxd4 Nf6 5. Nc3 g6 6. Be3 Bg7 7. Bc4 a6 8. f3 Nbd7 9. Qd2 b5 10. Bb3 Bb7 11. h4 h5 12. 0-0-0 Nb6 13. Qe2 0-0 14. e5 Nh7 15. exd6 exd6 16. Ndxb5 axb5 17. Qxb5 Ra6 18. Qb4 d5 19. Bc5 Re8 20. Nb5 Ba8 21. Rhe1 Rxe1 22. Rxe1 Nf8 23. Re7 Ne6 24. Nc3 Nxc5 25. Qxc5 Bf8 26. Qb5 Qxe7 27. Qxa6 Qe1+ 0-1

[Event "BEL-ch U16"]
[Site "Blankenberge"]
[Date "2017.04.14"]
[Round "8"]
[White "Verheyen, Olivier"]
[Black "Pirard, Natan"]
[Result "0-1"]
[WhiteElo "1792"]
[BlackElo "2016"]
[PlyCount "140"]
[EventDate "2017.04.09"]
[EventType "swiss"]
[EventRounds "9"]
[EventCountry "BEL"]
[SourceTitle "CBM 178 Extra"]
[Source "ChessBase"]
[SourceDate "2017.06.22"]
[SourceVersion "1"]
[SourceVersionDate "2017.06.22"]
[SourceQuality "1"]

1. e4 c5 2. Nf3 Nc6 3. d4 cxd4 4. Nxd4 g6 5. Nc3 Bg7 6. Be3 Nf6 7. Bc4 0-0 8. Bb3 a5 9. a4 Ng4 10. Qxg4 Nxd4 11. Qh4 Nxb3 12. cxb3 Ra6 13. Bg5 f6 14. Be3 f5 15. 0-0 Bf6 16. Bg5 Bxg5 17. Qxg5 fxe4 18. Qd5+ e6 19. Qxe4 Qf6 20. Qd3 d5 21. Rac1 Bd7 22. Nb5 Rc6 23. Rc3 Rd8 24. Nd4 Rb6 25. Re1 e5 26. Nf3 Bf5 27. Qd1 d4 28. Rc5 e4 29. Ne5 Re6 30. Nc4 b6 31. Rb5 h5 32. Qc1 Rf8 33. Qd2 h4 34. h3 Rd8 35. Rd1 Kg7 36. Qf4 Rf8 37. Rxb6 Rxb6 38. Qc7+ Kh6 39. Qxb6 Qxb6 40. Nxb6 Rd8 41. Nc4 Rd5 42. Kf1 Kg5 43. Ne3 Rd7 44. Nc2 d3 45. Ne3 Rb7 46. Nc4 Rxb3 47. Rb1 Rb4 48. Nxa5 Rxa4 49. Nb3 Kf4 50. Nd2 Rb4 51. b3 Be6 52. Re1 Bd5 53. Rb1 Ke5 54. Ke1 Kd4 55. Kd1 e3 56. fxe3+ Kxe3 57. Rb2 Kd4 58. Nb1 Rxb3 59. Rxb3 Bxb3+ 60. Ke1 Ke3 61. Nd2 Bd5 62. Nf1+ Kd4 63. Kf2 Kc3 64. g3 hxg3+ 65. Kxg3 d2 66. Nxd2 Kxd2 67. Kf4 Bf7 68. h4 Ke2 69. Kg5 Kf3 70. Kf6 Be8 0-1

[Event "BEL-ch U14"]
[Site "Blankenberge"]
[Date "2015.04.18"]
[Round "9"]
[White "Koetters, Raphael"]
[Black "Verheyen, Olivier"]
[Result "1/2-1/2"]
[WhiteElo "1629"]
[BlackElo "1369"]
[PlyCount "145"]
[EventDate "2015.04.12"]
[EventType "swiss"]
[EventRounds "9"]
[EventCountry "BEL"]
[SourceTitle "CBM 166 Extra"]
[Source "ChessBase"]
[SourceDate "2015.06.18"]
[SourceVersion "1"]
[SourceVersionDate "2015.06.18"]
[SourceQuality "1"]

1. e4 e5 2. Nf3 Nc6 3. Bc4 Bc5 4. c3 Nf6 5. d4 exd4 6. cxd4 Bb4+ 7. Bd2 Bxd2+ 8. Nbxd2 d5 9. exd5 Nxd5 10. 0-0 0-0 11. Ne5 Be6 12. Nxc6 bxc6 13. Rc1 Re8 14. Nf3 Nf4 15. Ne5 Bxc4 16. Rxc4 Qd5 17. Qf3 Rxe5 18. Qxf4 Rg5 19. g3 Qxc4 20. Qxg5 Qxd4 21. Qc1 Qb6 22. Qc2 Rd8 23. Rc1 Rd6 24. b3 g6 25. Qe2 Kf8 26. Qb2 Rd4 27. Qc3 Ke7 28. Qxc6 Rd1+ 29. Kg2 Rxc1 30. Qxc1 h5 31. b4 Kd7 32. Qd2+ Qd6 33. Qe3 Qd5+ 34. Kg1 Qxa2 35. Qd4+ Kc8 36. Qe4 Qe6 37. Qa8+ Kd7 38. Qxa7 Qe1+ 39. Kg2 Qxb4 40. Qe3 Qd6 41. Qb3 Qe6 42. Qd3+ Qd6 43. Qb3 Qe6 44. Qd3+ Ke7 45. Qa3+ Kd7 46. Qd3+ Kc8 47. Qa3 Kb7 48. Kg1 c6 49. Qb4+ Kc7 50. Qa5+ Kd6 51. Qd2+ Qd5 52. Qf4+ Kc5 53. Qe3+ Kb5 54. Qe2+ Qc4 55. Qb2+ Kc5 56. Qe5+ Qd5 57. Qc3+ Kd6 58. Qf6+ Kd7 59. Qb2 c5 60. Qb5+ Ke6 61. Qe8+ Kf6 62. Qb5 Kg5 63. h4+ Kg4 64. Qe2+ Kf5 65. Qc2+ Ke5 66. Qe2+ Kd6 67. Qb2 c4 68. Qb8+ Ke6 69. Qe8+ Kf6 70. Qh8+ Ke6 71. Qe8+ Kf6 72. Qh8+ Kf5 73. Qc8+ 1/2-1/2

[Event "BEL-ch U14"]
[Site "Blankenberge"]
[Date "2015.04.15"]
[Round "6"]
[White "Van Malder, Dries"]
[Black "Verheyen, Olivier"]
[Result "1-0"]
[WhiteElo "1474"]
[BlackElo "1369"]
[PlyCount "47"]
[EventDate "2015.04.12"]
[EventType "swiss"]
[EventRounds "9"]
[EventCountry "BEL"]
[SourceTitle "CBM 166 Extra"]
[Source "ChessBase"]
[SourceDate "2015.06.18"]
[SourceVersion "1"]
[SourceVersionDate "2015.06.18"]
[SourceQuality "1"]

1. d4 d5 2. c4 e6 3. Nf3 Nf6 4. g3 Nbd7 5. Bg2 dxc4 6. 0-0 c5 7. Nc3 Nb6 8. Bg5 h6 9. Bxf6 Qxf6 10. Ne4 Qf5 11. Nh4 Qh7 12. dxc5 Nd5 13. Qa4+ Bd7 14. Qxc4 Bc6 15. Rfd1 f5 16. Nd6+ Bxd6 17. cxd6 g5 18. e4 gxh4 19. exd5 exd5 20. Bxd5 Bxd5 21. Qxd5 0-0-0 22. Rac1+ Kb8 23. Rc7 Rd7 24. Qxb7# 1-0

[Event "BEL-ch U14"]
[Site "Blankenberge"]
[Date "2015.04.13"]
[Round "3"]
[White "Verheyen, Olivier"]
[Black "Vande Ginste, Michiel"]
[Result "0-1"]
[WhiteElo "1369"]
[BlackElo "1521"]
[PlyCount "102"]
[EventDate "2015.04.12"]
[EventType "swiss"]
[EventRounds "9"]
[EventCountry "BEL"]
[SourceTitle "CBM 166 Extra"]
[Source "ChessBase"]
[SourceDate "2015.06.18"]
[SourceVersion "1"]
[SourceVersionDate "2015.06.18"]
[SourceQuality "1"]

1. e4 c5 2. Nf3 d6 3. d4 cxd4 4. Nxd4 Nf6 5. Nc3 g6 6. Be3 Bg7 7. f3 0-0 8. Bc4 Nc6 9. Qd2 Bd7 10. 0-0-0 Rc8 11. Bb3 Ne5 12. g4 b5 13. h4 a5 14. a4 Rxc3 15. Qxc3 bxa4 16. Ba2 Qa8 17. h5 Rc8 18. Qd2 a3 19. b3 Bxg4 20. fxg4 Nxe4 21. Qg2 Nc3 22. Qxa8 Rxa8 23. hxg6 hxg6 24. Bh6 Nxa2+ 25. Kd2 Nxg4 26. Bxg7 Kxg7 27. Rh4 Ne5 28. Rdh1 e6 29. Rh7+ Kf6 30. Rf1+ Ke7 31. Nc6+ Kd7 32. Nxe5+ dxe5 33. Rfxf7+ Kc6 34. Rc7+ Kd5 35. Rhg7 Nb4 36. Ke3 Rd8 37. Rxg6 a2 38. Rg1 Kd6 39. Rc4 Rg8 40. Rd1+ Nd5+ 41. Kf3 Rf8+ 42. Ke2 Ke7 43. Ra1 Rh8 44. Kd2 Rh2+ 45. Kc1 Ne3 46. Rc3 Rh1+ 47. Kb2 Nd1+ 48. Ka3 e4 49. Re3 Nxe3 50. Rxh1 a1Q+ 51. Rxa1 Nxc2+ 0-1

[Event "NED-ch U12 op"]
[Site "Borne"]
[Date "2013.08.09"]
[Round "11"]
[White "Schelleman, Iris"]
[Black "Verheyen, Olivier"]
[Result "1/2-1/2"]
[WhiteElo "1105"]
[BlackElo "1357"]
[PlyCount "74"]
[EventDate "2013.08.05"]
[EventType "swiss"]
[EventRounds "13"]
[EventCountry "NED"]
[SourceTitle "EXT 2015"]
[Source "ChessBase"]
[SourceDate "2014.11.20"]
[SourceVersion "1"]
[SourceVersionDate "2014.11.20"]
[SourceQuality "1"]

1. e4 e5 2. Nf3 Nc6 3. Bc4 Bc5 4. c3 Nf6 5. d4 exd4 6. e5 d5 7. Bb5 Nd7 8. Bxc6 bxc6 9. cxd4 Bb6 10. 0-0 0-0 11. Nc3 Re8 12. Re1 f6 13. h3 fxe5 14. Bg5 Nf6 15. dxe5 h6 16. exf6 Rxe1+ 17. Qxe1 hxg5 18. fxg7 Kxg7 19. Qe5+ Kg6 20. Rd1 Qf6 21. Qxf6+ Kxf6 22. Kf1 Ba6+ 23. Kg1 Re8 24. Rd2 Bc4 25. g4 Ba5 26. a3 c5 27. Nxd5+ Ke6 28. Nc3 Kf6 29. h4 gxh4 30. Nxh4 Kg5 31. Nf5 Ba6 32. Kg2 Kxg4 33. Ne3+ Kf4 34. Ne2+ Kg5 35. Rd5+ Kf6 36. Rxc5 Bxe2 37. Rxa5 Rg8+ 1/2-1/2

[Event "NED-ch U12 op"]
[Site "Borne"]
[Date "2013.08.07"]
[Round "5"]
[White "Van Randtwijk, Mick"]
[Black "Verheyen, Olivier"]
[Result "0-1"]
[WhiteElo "1362"]
[BlackElo "1357"]
[PlyCount "94"]
[EventDate "2013.08.05"]
[EventType "swiss"]
[EventRounds "13"]
[EventCountry "NED"]
[SourceTitle "EXT 2015"]
[Source "ChessBase"]
[SourceDate "2014.11.20"]
[SourceVersion "1"]
[SourceVersionDate "2014.11.20"]
[SourceQuality "1"]

1. e4 e5 2. Nf3 Nc6 3. Bb5 Bc5 4. 0-0 d6 5. d4 exd4 6. Nxd4 Bd7 7. Nxc6 Bxc6 8. Bxc6+ bxc6 9. Nc3 Rb8 10. Qe2 Qe7 11. Rb1 Nf6 12. Re1 Bb6 13. e5 dxe5 14. Qxe5 Bxf2+ 15. Kf1 Bxe1 16. Qxe7+ Kxe7 17. Kxe1 Nd5 18. Ne4 Rhe8 19. Kf2 f5 20. Ng3 Nc3 21. Ra1 Ne4+ 22. Nxe4 fxe4 23. Ke3 Kf6 24. b3 g6 25. Bb2+ Kg5 26. Bd4 a6 27. Rf1 Rf8 28. Rh1 Rbd8 29. Bc5 Rfe8 30. Rf1 Rd5 31. Bd4 Rf5 32. Rd1 c5 33. Bb2 Ref8 34. Bc1 Kf6 35. Kxe4 Re8+ 36. Kd3 Rd5+ 37. Kc4 Rxd1 38. Bb2+ Ke6 39. Kxc5 Rd2 40. Bd4 Rxc2+ 41. Kb4 Rb8+ 42. Ka3 c5 43. Bb2 Rb5 44. b4 Rxb4 45. Bg7 Rd2 46. Bc3 Rd3 47. g4 Rxc3# 0-1